| 000 | 00566nam a2200205Ia 4500 | ||
|---|---|---|---|
| 003 | GCL | ||
| 008 | 140319s9999 xx 000 0 ara d | ||
| 040 |
_aGCL / _cGCL |
||
| 082 | 0 | 4 |
_aق _b932 _bش ت |
| 100 | 1 | _aشكرى صادق | |
| 245 | 1 | 0 |
_aتاريخ الزراعة فى عهد الفراعنة / _cشكرى صادق |
| 260 |
_a[S.N] : _bلا يوجد |
||
| 300 | _a216 ص | ||
| 490 | _a | ||
| 650 | 0 | 4 | _aالزراعة |
| 650 | 0 | 4 | _aمصر القديمة |
| 650 | 0 | 4 | _aالحضارة المصرية |
| 650 | 0 | 4 | _aوادى النيل |
| 942 |
_2ddc _cBK |
||
| 999 |
_c36211 _d36211 |
||